What Country Are These Dishes From? - Statistics

General Stats
  • This quiz has been taken 23 times
  • The average score is 8 of 10
Answer Stats
Picture Hint Answer % Correct
Dish: Croissant France
100%
Dish: Spaghetti Italy
100%
Dish: Sashimi Japan
100%
Dish: Spanikopita Greece
91%
Dish: Fries Belgium
86%
Dish: Hotpot China
77%
Dish: Chole Bhature India
64%
Dish: Rose tteokboki South Korea
64%
Dish: Brownie USA
50%
Dish: Fried rice Thailand
45%
No matching quizzes found
Score Distribution
Percent of People with Each Score
Percentile by Number Answered
Your Score History
You have not taken this quiz